La Luna In Corso Osservazioni Astronomiche, Ed Istoriche Per L' Anno 1758. Del Dottor Vestaverde, Coll' additamento delle Orazioni, Stazioni, e Santi a giorno per giorno

Bibliographic Details
Main Author: Vesta, Verde (Author)
Corporate Author: Giambattista Riboldi (Miláno, Taliansko) (Printer)
Other Authors: Giambattista Riboldi (Printer)
Format: Book
Language:German
Italian
PhysicalDescription:184 zachovaných ilustrácie 12° 11 × 8 cm
Subjects:

MARC

LEADER 00000nam a2200000 4500
001 vtls012279523
003 SK-MaSNL
005 20260302063331.0
008 251112s1758 it a f 000 0 ger
015 |a SNBHFA 
040 |a SNKHF  |b slo  |c SNKHF  |e rda 
041 0 |a ita 
044 |a it  |c IT 
072 7 |a 52  |x Astronómia. Geodézia  |2 konspekt 
080 |a 52  |2 2011 
080 |a 524.8  |2 2011 
100 1 |a Vesta, Verde  |4 aut  |9 724411 
245 1 3 |a La Luna In Corso Osservazioni Astronomiche, Ed Istoriche Per L' Anno 1758. Del Dottor Vestaverde, Coll' additamento delle Orazioni, Stazioni, e Santi a giorno per giorno 
264 3 |a In Milano  |b Per Gianbattista Riboldi vicino a S. Margarita  |c [1758] 
300 |a 184 zachovaných  |b ilustrácie  |c 12°  |c 11 × 8 cm 
336 |a text  |b txt  |2 rdacontent 
337 |a bez média  |b n  |2 rdamedia 
338 |a zväzok  |b nc  |2 rdacarrier 
500 |a Signet, vinety, vlysy, ilustrácie, iniciálky na 2 riadky 
504 |a Kustody 
546 |a Taliančina  |b Kurzíva 
561 |a Proveniencia: pečiatka: Dr. E. Kadarász- ver. not. Poz. Margity Zayovej.  |5 SNK IE 11269 
562 |a Defekt: chýba koniec.  |5 SNK IE 11269 
563 |a Väzba: žltá papierová s ornamentálnou výzdobou.  |5 SNK IE 11269 
650 0 7 |a astronómia  |2 SNKPH  |9 730 
650 0 7 |a vesmír  |2 SNKPH  |9 1770 
700 1 |a Kadarász, Ernest  |4 oth  |9 302455 
700 1 |a Zaiová, Margita,  |d 1868-1937  |4 fmo  |9 186369 
700 1 |a Giambattista Riboldi  |4 prt  |9 724412 
710 0 |a Giambattista Riboldi (Miláno, Taliansko)  |4 prt  |9 724413 
752 |a Taliansko  |d Miláno 
852 |a snk  |b Zaiova knižnica: Zay 9044 (Z 5547)  |p IE 11269 
958 |a DD 
958 |a ONDV 
999 |c 1132313  |d 1134243 
952 |t Zay 9044 (Z 5547)  |a SNK  |b SNK  |c SNK_HF  |y PREZ  |7 0  |p 17A1567792  |o snkIE 11269  |i snk2025/11281  |8 5  |0 0  |1 0  |4 0  |d 2025-07-15  |l 0  |r 2026-02-24 19:06:51  |w 2026-02-24